| 000 | 00985cam a22003015a 4500 | ||
|---|---|---|---|
| 001 | 17622078 | ||
| 005 | 20151025125130.0 | ||
| 008 | 130211t2013 enk frb f001 0 eng d | ||
| 010 | _a 2013003195 | ||
| 020 | _a9780199760107 (pbk. : alk. paper) | ||
| 040 |
_aDLC _beng _cDLC _dDLC _dEG-ScBUE |
||
| 082 | 0 | 4 |
_a320.019 _bOXF _222 |
| 245 | 0 | 4 |
_aThe Oxford handbook of political psychology / _cedited by Leonie Huddy, David O. Sears and Jack S. Levy. |
| 246 | 3 | 0 | _aPolitical psychology |
| 250 | _a2nd ed. | ||
| 260 |
_aOxford : _bOxford University Press. _cc.2013. |
||
| 300 |
_axvii, 986 p. ; _c25 cm. |
||
| 500 | _aIndex : p. 957-986. | ||
| 504 | _aIncludes bibliographical references. | ||
| 650 | 0 |
_aPolitical psychology. _2BUEsh _933747 |
|
| 651 | _2BUEsh | ||
| 653 |
_bBUSBOL _cOctober2015 |
||
| 655 |
_vText book _933728 |
||
| 700 | 1 |
_aHuddy, Leonie. _eeditor. |
|
| 700 | 1 |
_aSears, David O., _eeditor. |
|
| 700 | 1 |
_aLevy, Jack S., _eeditor. |
|
| 942 |
_2ddc _k320.019 OXF |
||
| 999 |
_c20967 _d20939 |
||